| 000 | 00418nam a22001577a 4500 | ||
|---|---|---|---|
| 003 | OSt | ||
| 005 | 20220107122822.0 | ||
| 008 | 161020b xxu||||| |||| 00| 0 eng d | ||
| 040 | _cIIITMK | ||
| 100 |
_aMuhammed Shafi E (93615008) _910953 |
||
| 245 | _aScansite: A web app vulnerability analyzer | ||
| 300 | _aCSIS - Mini Project | ||
| 650 |
_aWEB TECHNOLOGY _911376 |
||
| 650 |
_aWEB ANALYZER _911377 |
||
| 942 |
_2ddc _cPR |
||
| 999 |
_c5455 _d5455 |
||